000 00440nam a2200169Ia 4500
008 230711s9999||||xx |||||||||||||| ||und||
020 _a81-200-0398-5
041 _aENG
082 _a664.07
_bMA-F
100 _aMahindru, S.N
245 0 _aFood Analysis Theory and Practice
250 _a1st Ed.
260 _c2003
_aNew Delhi
_bMetropolitan Book Co.Private LTD
300 _a777p.
650 _aFood Science and Technology
942 _cBK
999 _c7442
_d7442